La Organización y lucha popular por vivienda en Centroamérica: condicionantes económicos, políticos e ideológicos de su desarrollo durante la crisis /
Đã lưu trong:
| Tác giả chính: | |
|---|---|
| Tác giả của công ty: | |
| Tác giả khác: | |
| Định dạng: | Texto |
| Được phát hành: |
San José:
Programa Centroamericano de Ciencias Sociales
|
| Các nhãn: |
Thêm thẻ
Không có thẻ, Là người đầu tiên thẻ bản ghi này!
|
MARC
| LEADER | 00000 a a2200000 04500 | ||
|---|---|---|---|
| 001 | 21336 | ||
| 003 | |||
| 040 | |||
| 090 | |a 093500 | ||
| 100 | |a Argüello Rodríguez, Manuel | ||
| 110 | |a CSUCA. Programa Centroamericano de Ciencias Sociales | ||
| 245 | |a La Organización y lucha popular por vivienda en Centroamérica: condicionantes económicos, políticos e ideológicos de su desarrollo durante la crisis / |c Manuel Argüello Rodríguez | ||
| 260 | |a San José: |b Programa Centroamericano de Ciencias Sociales | ||
| 300 | |a 42 p. | ||
| 700 | |a Vargas Cullell, Jorge Luis | ||
| 999 | |c 17267 |d 17267 | ||
